| 000 | 00416nam a22001577a 4500 | ||
|---|---|---|---|
| 020 | _a9789339221.638 | ||
| 082 | _a621.815 SHI | ||
| 100 |
_aBudynas, Richard G _940770 |
||
| 245 | _aShigley's mechanical engineering design | ||
| 250 | _a10th | ||
| 260 |
_aIndia _bMcGraw Hill _c2018 |
||
| 300 | _axxi,1082 P | ||
| 650 |
_aMechanical Engineering Design _969584 |
||
| 700 |
_aNisbett J. Keith _969585 |
||
| 942 | _cBK | ||
| 999 |
_c576808 _d576808 |
||